Financial stress in the Czech republic: measurement and effects on the real economy
Odhad indexu finančného stresu v Česku a skúmanie jeho vývoja v rokoch 2002-2014. Ustanovenie vektorových autoregresných modelov v českej ekonomike. Skúmanie systematického efektu stresu na produkciu, ceny a úrokové sadzby.
Na minha lista:
| Autor principal: | |
|---|---|
| Outros Autores: | |
| Formato: | Capítulo de Livro |
| Idioma: | inglês |
| Assuntos: | |
| Tags: |
Sem tags, seja o primeiro a adicionar uma tag!
|
MARC
| LEADER | 00000naa a2200000 4500 | ||
|---|---|---|---|
| 001 | 0234358 | ||
| 005 | 20260325121621.9 | ||
| 041 | 0 | |a eng | |
| 044 | |a CZ | ||
| 245 | 1 | 0 | |a Financial stress in the Czech republic: measurement and effects on the real economy |c Ján Malega, Roman Horváth |
| 520 | |a Odhad indexu finančného stresu v Česku a skúmanie jeho vývoja v rokoch 2002-2014. Ustanovenie vektorových autoregresných modelov v českej ekonomike. Skúmanie systematického efektu stresu na produkciu, ceny a úrokové sadzby. | ||
| 610 | 2 | 0 | |a stresy |
| 610 | 2 | 0 | |a stres finančný |
| 610 | 2 | 0 | |a kríza hospodárska |
| 610 | 2 | 0 | |a Česko |
| 610 | 2 | 0 | |a indexy |
| 100 | 1 | |a Malega, Ján | |
| 700 | 1 | |a Horváth, Roman | |